000 nam a22 7a 4500
999 _c234850
_d234850
003 Nust
005 20170331115914.0
008 170331b xxu||||| |||| 00| 0 eng d
040 _cDLC
082 _a388.4095 SUS
245 _aSustainable Urban Transport in Asia Making the Vision a Reality : Main Report
942 _2ddc
_cBK